00655nam a2200205 a 45000010005000000030005000050050017000100080041000270400020000682450035000882460040001232460034001632600054001973000010002516500039002616500028003009420013003289990015003419520093003565074CDMR20131018095035.0130130s1953||||||||||||||||||||||||||||d aCDMRbcatcCDMR 3aLa presse socialiste en Europe aDie sozialistische Presse in Europa aThe socialist press in Europe a[Amsterdam]c1953bCentre International de Presse a60 p.0494083aPremsavBibliografiazEuropa0494128aPremsa socialista cMON2udc c5074d5074 00104070aCDMRbCDMRd2013-01-16l0oDt 8/2pCDMR13108509r2013-01-16w2013-01-16yMON